Länder in der Nähe von Myanmar - Statistiken

Allgemein
  • Dieses Quiz wurde 114 mal gespielt
  • Das Durchschnittsergebnis liegt bei 18 aus 20
Antwortstatistiken
km Land % Korrekt
0 China
100%
0 Indien
100%
0 Thailand
99%
539 Indonesien
96%
324 Kambodscha
96%
0 Bangladesch
95%
0 Laos
95%
405 Malaysia
95%
590 Nepal
94%
1109 Singapur
94%
126 Vietnam
94%
297 Bhutan
93%
1994 Pakistan
93%
1629 Sri Lanka
84%
2055 Philippinen
83%
1767 Taiwan
83%
1780 Brunei
81%
1576 Mongolei
72%
2170 Kirgisistan
54%
2179 Kasachstan
49%
Keine übereinstimmenden Quizze gefunden
Verteilung der Resultate
Anzahl Personen mit jedem Resultat
Perzentil nach korrekt beantworteten Fragen
Ihre Resultats-Entwicklung
Sie haben dieses Quiz noch nicht gespielt